| 000 | 00902cab a2200265 4500 | ||
|---|---|---|---|
| 001 | ABS58167 | ||
| 008 | 090401t1998 xxu||||| |||| 00| 0 eng d | ||
| 035 | _a(Sirsi) u83286 | ||
| 041 | _aeng | ||
| 100 | _aBowman, E. | ||
| 245 | _aValuing the environment | ||
| 260 | _c1998 | ||
| 350 | _a0 | ||
| 490 |
_aValuer (ISVA) _v61(1) January/February 1998, 24-25(2) |
||
| 520 | _aDescribes the techniques used in environmental valuation such as Cost Benefit Analysis, Travel Cost Method, the Hedonic Approach and the Contingent Value Method. Discusses the problems in environmental valuaton. | ||
| 650 | _aCONTINGENT VALUE METHOD | ||
| 650 | _aCOST BENEFIT ANALYSIS | ||
| 650 | _aENVIRONMENTAL VALUATION | ||
| 650 | _aHEDONIC PRICING | ||
| 650 | _aTRAVEL COST METHOD | ||
| 650 | _aVALUATION TECHNIQUES | ||
| 690 | _aENVIRONMENTAL AND LAND CONSULTANCY | ||
| 942 | _n0 | ||
| 948 | _c23/01/1998 | ||
| 999 |
_c52597 _d52597 |
||